00294nam a2200121Ia 4500008004100000041001200041082001600053100001700069245003800086260003200124300000900156650000700165221030s9999 xx 000 0 und d aEnglish a105.23bMit aG. K. Mithal 0aNetwork Analysiscby G. K. Mithal bKhanna PubaNew Delhic2001 a1076 aEE